LEADER 01323nam--2200397---450- 001 990000496840203316 005 20091125154411.0 010 $a88-14-07213-2 035 $a0049684 035 $aUSA010049684 035 $a(ALEPH)000049684USA01 035 $a0049684 100 $a20010607d1998----km-y0itay0103----ba 101 $aita 102 $aIT 105 $a||||||||001yy 200 1 $aAssociazione in partecipazione con partner non residenti$eapporto di capitale e lavoro, profili di fattibilità tributaria$fPaolo Comuzzi 210 $aMilano$cGiuffrè$dc1998 215 $aXIV, 171 p.$d24 cm 225 2 $aCosa & come$fTributi 410 $12001$aCosa & come$iTributi 461 1$1001-------$12001 606 0 $aAssociazione in partecipazione$xTributi$xLegislazione 676 $a343.450662 700 1$aCOMUZZI,$bPaolo$0532067 801 0$aIT$bsalbc$gISBD 912 $a990000496840203316 951 $aXXX.B. Coll. 13/ 112 (IRA 40 226)$b19323 G$cXXX.B. Coll. 13/ (IRA 40)$d00188841 959 $aBK 969 $aECO 979 $aPATTY$b90$c20010607$lUSA01$h1506 979 $c20020403$lUSA01$h1658 979 $aPATRY$b90$c20040406$lUSA01$h1634 979 $aRSIAV1$b90$c20091125$lUSA01$h1544 996 $aAssociazione in partecipazione con partner non residenti$9887677 997 $aUNISA LEADER 01174nam0 22003013i 450 001 TO00954177 005 20231121125842.0 010 $a9264286241 100 $a20150121d2001 ||||0itac50 ba 101 | $afre 102 $afr 181 1$6z01$ai $bxxxe 182 1$6z01$an 200 1 $a˜Les œenterprises commerciales d'État dans le secteur agricole 210 $aParis$cOCDE, Organisation de coopération et de développement économiques$d[2001! 215 $a112 p.$d23 cm. 225 | $aAgriculture et alimentation 410 0$1001TO00933239$12001 $aAgriculture et alimentation 606 $aIndustria agricola$2FIR$3RMLC012018$9I 676 $a338.763$9$v20 801 3$aIT$bIT-01$c20150121 850 $aIT-FR0098 899 $aBiblioteca Area Giuridico Economica$bFR0098 912 $aTO00954177 950 0$aBiblioteca Area Giuridico Economica$d 53TER Sala periodici I Piano OECD/1$e 53VM 0000118655 VM barcode:ECO010664. - Inventario:5497. - Fondo:PER00VM$fA $h20020509$i20121204 977 $a 53 996 $aEnterprises commerciales d'État dans le secteur agricole$93638456 997 $aUNICAS